[Event "I Torneo Cerrado Breña Baja 2019"]
[Site "Breña Baja ESP"]
[Date "2019.03.29"]
[Round "1.1"]
[White "Alvarado Diaz, Alejandro"]
[Black "Gonzalez Perez, Arian"]
[Result "1/2-1/2"]
[WhiteElo "2399"]
[BlackElo "2467"]
[PlyCount "68"]
[EventDate "2019.03.29"]
[EventType "tourn"]
[EventRounds "9"]
[EventCountry "ESP"]
[EventCategory "6"]
[SourceTitle "Ajedrez en Madrid"]
[Source "lmi"]
[SourceDate "2019.03.29"]
[SourceVersion "1"]
[SourceVersionDate "2019.01.20"]
[SourceQuality "2"]

1. d4 Nf6 2. Nf3 g6 3. e3 Bg7 4. Be2 c5 5. O-O cxd4 6. exd4 d5 7. c3 Nc6 8. h3
O-O 9. Bf4 Bf5 10. Nbd2 Ne4 11. Nb3 h6 12. Bh2 Qb6 13. a4 a5 14. Ra2 Rac8 15.
Nc1 Nb8 16. Nd3 Nd7 17. Nf4 Ndf6 18. Ne5 g5 19. Nfd3 Nd7 20. Ra3 Nxe5 21. Rb3
Qa7 22. Nxe5 f6 23. Nd3 Bd7 24. Ra3 Qb6 25. Kh1 Rcd8 26. f3 Nd6 27. Rb3 Qa7 28.
Nc5 Bc8 29. Ra3 b6 30. Nb3 e6 31. Re1 Rfe8 32. Bd3 Ba6 33. Ra1 Bxd3 34. Qxd3
Nc4 1/2-1/2

[Event "I Torneo Cerrado Breña Baja 2019"]
[Site "Breña Baja ESP"]
[Date "2019.03.29"]
[Round "1.2"]
[White "Juhasz, Armin"]
[Black "Napoli, Nicolo"]
[Result "1-0"]
[WhiteElo "2375"]
[BlackElo "2321"]
[PlyCount "97"]
[EventDate "2019.03.29"]
[EventType "tourn"]
[EventRounds "9"]
[EventCountry "ESP"]
[EventCategory "6"]
[SourceTitle "Ajedrez en Madrid"]
[Source "lmi"]
[SourceDate "2019.03.29"]
[SourceVersion "1"]
[SourceVersionDate "2019.01.20"]
[SourceQuality "2"]

1. Nf3 Nf6 2. g3 d5 3. Bg2 e6 4. O-O Be7 5. b3 O-O 6. Bb2 a5 7. a4 Nbd7 8. d3
c6 9. Nbd2 b5 10. e4 Ba6 11. Re1 Rb8 12. Nd4 Qb6 13. axb5 Bxb5 14. Nxb5 Qxb5
15. c4 dxc4 16. dxc4 Qb6 17. e5 Ne8 18. Ne4 Nc5 19. Bd4 Nc7 20. Nf6+ Bxf6 21.
exf6 Rfd8 22. Qg4 Ne8 23. fxg7 Qb4 24. Bxc5 Qxc5 25. Re3 Nd6 26. Rae1 Nf5 27.
Re5 Qd4 28. Qf3 c5 29. Bh3 Nxg7 30. Kg2 Rbc8 31. R1e4 Qd6 32. Qf6 Qc6 33. Bg4
Ne8 34. Rg5+ Kf8 35. Qh6+ Ke7 36. Bf3 Qc7 37. Rf4 Rd4 38. Rxd4 cxd4 39. Qh4 f6
40. Rb5 Nd6 41. Rh5 h6 42. Rxh6 Rf8 43. Rh7+ Rf7 44. Rxf7+ Nxf7 45. Qxd4 Ne5
46. Qe4 Kd6 47. Qa8 Nd7 48. h4 f5 49. h5 1-0

[Event "I Torneo Cerrado Breña Baja 2019"]
[Site "Breña Baja ESP"]
[Date "2019.03.29"]
[Round "1.3"]
[White "Muñoz, Miguel"]
[Black "Hernandez Leon, Alberto"]
[Result "1-0"]
[WhiteElo "2482"]
[BlackElo "2280"]
[PlyCount "117"]
[EventDate "2019.03.29"]
[EventType "tourn"]
[EventRounds "9"]
[EventCountry "ESP"]
[EventCategory "6"]
[SourceTitle "Ajedrez en Madrid"]
[Source "lmi"]
[SourceDate "2019.03.29"]
[SourceVersion "1"]
[SourceVersionDate "2019.01.20"]
[SourceQuality "2"]

1. e4 c5 2. Nf3 d6 3. Bb5+ Bd7 4. Bxd7+ Qxd7 5. O-O Nf6 6. Re1 Nc6 7. d4 cxd4
8. Nxd4 e6 9. c4 Be7 10. Nc3 O-O 11. Nc2 Rac8 12. b3 a6 13. Bb2 Qc7 14. Qe2
Rfe8 15. Rad1 Qa5 16. Ne3 Rb8 17. a3 b5 18. b4 Qb6 19. cxb5 axb5 20. Kh1 Ne5
21. f4 Ng6 22. Rf1 Qb7 23. Nc2 e5 24. fxe5 dxe5 25. Qf3 Nh4 26. Qf2 Nxe4 27.
Qxf7+ Kh8 28. Nd5 Rf8 29. Qxe7 Nf2+ 30. Rxf2 Qxe7 31. Nxe7 Rxf2 32. Bxe5 Rbf8
33. Ne3 Re2 34. N7d5 Nxg2 35. Rg1 Rff2 36. Ng4 Rf5 37. Rxg2 Rxg2 38. Kxg2 Rg5
39. Nde3 h5 40. h4 Rg6 41. Kg3 hxg4 42. Nf5 Re6 43. Bxg7+ Kh7 44. Kxg4 Re2 45.
Bd4 Rg2+ 46. Ng3 Ra2 47. Ne4 Rxa3 48. Ng5+ Kh6 49. Nf7+ Kh7 50. Nd6 Ra8 51. Kh5
Rg8 52. Ne4 Rd8 53. Ng5+ Kg8 54. Bf6 Rd7 55. Kg6 Rb7 56. h5 Rd7 57. h6 Rh7 58.
Be5 Rd7 59. Kf5 1-0

[Event "I Torneo Cerrado Breña Baja 2019"]
[Site "Breña Baja ESP"]
[Date "2019.03.29"]
[Round "1.4"]
[White "Herrera Reyes, Jose Antonio"]
[Black "Ladron De Guevara Pinto, Paolo"]
[Result "1-0"]
[WhiteElo "2324"]
[BlackElo "2429"]
[PlyCount "49"]
[EventDate "2019.03.29"]
[EventType "tourn"]
[EventRounds "9"]
[EventCountry "ESP"]
[EventCategory "6"]
[SourceTitle "Ajedrez en Madrid"]
[Source "lmi"]
[SourceDate "2019.03.29"]
[SourceVersion "1"]
[SourceVersionDate "2019.01.20"]
[SourceQuality "2"]

1. Nf3 d5 2. g3 g6 3. Bg2 Bg7 4. O-O e5 5. d3 Ne7 6. c4 O-O 7. cxd5 Nxd5 8. Bg5
f6 9. Bd2 Be6 10. e4 Nb6 11. Be3 Na6 12. a3 c5 13. b4 cxb4 14. axb4 Nxb4 15.
Bc5 Nxd3 16. Bxb6 Qxb6 17. Qxd3 Rfd8 18. Qe2 Qc7 19. Na3 a6 20. Rfc1 Qf7 21.
Nc4 b5 22. Nb6 Ra7 23. Qe3 Bf8 24. Nd5 Kg7 25. Nxf6 1-0

[Event "I Torneo Cerrado Breña Baja 2019"]
[Site "Breña Baja ESP"]
[Date "2019.03.29"]
[Round "1.5"]
[White "Lemos, Damian"]
[Black "De Verdier, Michael"]
[Result "1-0"]
[WhiteElo "2482"]
[BlackElo "2306"]
[PlyCount "97"]
[EventDate "2019.03.29"]
[EventType "tourn"]
[EventRounds "9"]
[EventCountry "ESP"]
[EventCategory "6"]
[SourceTitle "Ajedrez en Madrid"]
[Source "lmi"]
[SourceDate "2019.03.29"]
[SourceVersion "1"]
[SourceVersionDate "2019.01.20"]
[SourceQuality "2"]

1. c4 c5 2. Nf3 Nf6 3. b3 g6 4. Bb2 Bg7 5. g3 b6 6. Bg2 Bb7 7. O-O O-O 8. Nc3
d6 9. e3 Na6 10. d4 e6 11. Qe2 Ne4 12. Rfd1 Qe7 13. Rac1 Rfd8 14. Ne1 Nxc3 15.
Bxc3 Bxg2 16. Nxg2 Qb7 17. d5 e5 18. e4 Re8 19. f4 b5 20. f5 bxc4 21. bxc4 Nb8
22. g4 Qe7 23. h4 Nd7 24. Rf1 gxf5 25. Rxf5 Rab8 26. Rcf1 Rf8 27. Ne3 Qxh4 28.
Kg2 Qd8 29. Rh1 f6 30. g5 fxg5 31. Qh5 Nf6 32. Rxf6 Rxf6 33. Qxh7+ Kf7 34. Nf5
Rxf5 35. Qxf5+ Qf6 36. Qg4 Qg6 37. Rf1+ Kg8 38. Rf5 Rf8 39. Rxg5 Qf6 40. Rf5
Qh6 41. Rxf8+ Kxf8 42. Be1 Qf6 43. Bh4 Qf7 44. Qe6 Qc7 45. Kh3 Bh8 46. Kg4 Qg7+
47. Bg5 Qc7 48. Bh6+ Bg7 49. Qf6+ 1-0

[Event "I Torneo Cerrado Breña Baja 2019"]
[Site "Breña Baja ESP"]
[Date "2019.03.29"]
[Round "2.1"]
[White "Gonzalez Perez, Arian"]
[Black "De Verdier, Michael"]
[Result "1/2-1/2"]
[WhiteElo "2467"]
[BlackElo "2306"]
[PlyCount "91"]
[EventDate "2019.03.29"]
[EventType "tourn"]
[EventRounds "9"]
[EventCountry "ESP"]
[EventCategory "6"]
[SourceTitle "Ajedrez en Madrid"]
[Source "lmi"]
[SourceDate "2019.03.29"]
[SourceVersion "1"]
[SourceVersionDate "2019.01.20"]
[SourceQuality "2"]

1. e4 e6 2. d3 c5 3. Nf3 b6 4. g3 Bb7 5. Bg2 d6 6. O-O Nf6 7. Re1 Be7 8. c4
Nbd7 9. Nc3 a6 10. b3 Qc7 11. Bb2 O-O 12. d4 cxd4 13. Nxd4 Rac8 14. Rc1 Qb8 15.
Rc2 Rfd8 16. Rd2 Bf8 17. Qe2 Re8 18. h3 g6 19. Nc2 Qa8 20. f4 b5 21. cxb5 axb5
22. Qxb5 Ba6 23. Qa4 Nc5 24. Qd4 e5 25. Qe3 exf4 26. Qxf4 Nh5 27. Qe3 Bb7 28.
Nb4 Nf6 29. Nbd5 Nxd5 30. Nxd5 Bxd5 31. Rxd5 Qxd5 32. exd5 Rxe3 33. Rxe3 Bh6
34. Re2 Ra8 35. Bd4 Nd3 36. a4 Rb8 37. a5 Bg7 38. Bxg7 Kxg7 39. a6 Ra8 40. Bf1
Nb4 41. Kf2 Kf6 42. Re4 Nxa6 43. Rf4+ Ke7 44. Re4+ Kf6 45. Rf4+ Ke7 46. Re4+
1/2-1/2

[Event "I Torneo Cerrado Breña Baja 2019"]
[Site "Breña Baja ESP"]
[Date "2019.03.29"]
[Round "2.2"]
[White "Ladron De Guevara Pinto, Paolo"]
[Black "Lemos, Damian"]
[Result "0-1"]
[WhiteElo "2429"]
[BlackElo "2482"]
[PlyCount "96"]
[EventDate "2019.03.29"]
[EventType "tourn"]
[EventRounds "9"]
[EventCountry "ESP"]
[EventCategory "6"]
[SourceTitle "Ajedrez en Madrid"]
[Source "lmi"]
[SourceDate "2019.03.29"]
[SourceVersion "1"]
[SourceVersionDate "2019.01.20"]
[SourceQuality "2"]

1. e4 e5 2. Nf3 Nc6 3. Bb5 a6 4. Ba4 Nf6 5. O-O Be7 6. Re1 b5 7. Bb3 d6 8. c3
O-O 9. h3 Na5 10. Bc2 c5 11. d3 Bd7 12. Nbd2 Rc8 13. Nf1 Re8 14. Ng3 Bf8 15. a4
b4 16. d4 h6 17. d5 bxc3 18. bxc3 Rb8 19. Nd2 g6 20. Rf1 Bg7 21. Bd3 Rb6 22.
Qe2 Qc8 23. Nc4 Nxc4 24. Bxc4 Qc7 25. Ra2 h5 26. Re1 Ra8 27. f4 h4 28. fxe5
dxe5 29. Nf1 Nh5 30. Qf2 Nf4 31. Qxh4 Bf6 32. Qg3 Kg7 33. Nh2 Rh8 34. Rf1 Rb1
35. Ng4 Bg5 36. Bd2 Rxf1+ 37. Kxf1 Qb8 38. Nf2 Qb1+ 39. Be1 Bh4 40. Qe3 Bxf2
41. Rxf2 Bxh3 42. gxh3 Rxh3 43. Rf3 Rh1+ 44. Kf2 Qc2+ 45. Be2 Rh2+ 46. Kf1 Rxe2
47. Rf2 Rxf2+ 48. Bxf2 Qxa4 0-1

[Event "I Torneo Cerrado Breña Baja 2019"]
[Site "Breña Baja ESP"]
[Date "2019.03.29"]
[Round "2.4"]
[White "Napoli, Nicolo"]
[Black "Muñoz, Miguel"]
[Result "1/2-1/2"]
[WhiteElo "2321"]
[BlackElo "2482"]
[PlyCount "50"]
[EventDate "2019.03.29"]
[EventType "tourn"]
[EventRounds "9"]
[EventCountry "ESP"]
[EventCategory "6"]
[SourceTitle "Ajedrez en Madrid"]
[Source "lmi"]
[SourceDate "2019.03.29"]
[SourceVersion "1"]
[SourceVersionDate "2019.01.20"]
[SourceQuality "2"]

1. d4 c5 2. d5 Nf6 3. Nf3 e6 4. Nc3 exd5 5. Nxd5 Nxd5 6. Qxd5 d6 7. Bd2 Nc6 8.
Bc3 h6 9. e4 Be6 10. Qd2 d5 11. exd5 Qxd5 12. Qxd5 Bxd5 13. O-O-O O-O-O 14. Bd3
Nb4 15. Bf5+ Kc7 16. Be5+ Bd6 17. a3 Bxe5 18. Nxe5 Nc6 19. Nxc6 Bxc6 20. Bh3
Rxd1+ 21. Rxd1 Re8 22. Kd2 Rd8+ 23. Kc1 Re8 24. Kd2 Rd8+ 25. Kc1 Re8 1/2-1/2

[Event "I Torneo Cerrado Breña Baja 2019"]
[Site "Breña Baja ESP"]
[Date "2019.03.29"]
[Round "2.5"]
[White "Alvarado Diaz, Alejandro"]
[Black "Juhasz, Armin"]
[Result "1/2-1/2"]
[WhiteElo "2399"]
[BlackElo "2375"]
[PlyCount "121"]
[EventDate "2019.03.29"]
[EventType "tourn"]
[EventRounds "9"]
[EventCountry "ESP"]
[EventCategory "6"]
[SourceTitle "Ajedrez en Madrid"]
[Source "lmi"]
[SourceDate "2019.03.29"]
[SourceVersion "1"]
[SourceVersionDate "2019.01.20"]
[SourceQuality "2"]

1. d4 Nf6 2. Bg5 Ne4 3. Bf4 c5 4. f3 Qa5+ 5. c3 Nf6 6. d5 Qb6 7. Bc1 e6 8. e4
exd5 9. exd5 Bd6 10. Nh3 O-O 11. Be2 Re8 12. O-O Qc7 13. f4 c4 14. Kh1 b5 15.
a4 Bb7 16. axb5 Bxd5 17. Bf3 Qb7 18. Bxd5 Nxd5 19. Re1 Rxe1+ 20. Qxe1 Nf6 21.
Be3 Qxb5 22. Bd4 Nc6 23. Bxf6 gxf6 24. Nd2 Be7 25. Rb1 Rb8 26. Qe2 d5 27. Nf2
Bf8 28. Ng4 Bg7 29. Qf2 d4 30. Ne4 Qf5 31. Qf3 dxc3 32. Nxc3 Nd4 33. Qg3 Kh8
34. Ne3 Qg6 35. Nxc4 Qxg3 36. hxg3 f5 37. Ra1 Rb7 38. Ra5 Kg8 39. Kh2 h6 40.
Nd5 Ne6 41. Nde3 Bxb2 42. Nxb2 Rxb2 43. Nxf5 Rb7 44. Nxh6+ Kg7 45. Nf5+ Kf6 46.
Nd6 Rd7 47. Nc8 Nd4 48. Nxa7 Rd8 49. g4 Ne2 50. g5+ Kg7 51. g3 Rd2 52. Kh3 Rd3
53. Kg2 Nxg3 54. Nc6 Nh5 55. Ra4 Rg3+ 56. Kf2 Rg4 57. Kf3 Rxf4+ 58. Rxf4 Nxf4
59. Kxf4 f6 60. gxf6+ Kxf6 61. Ke4 1/2-1/2

[Event "I Torneo Cerrado Breña Baja 2019"]
[Site "Breña Baja ESP"]
[Date "2019.03.30"]
[Round "3.1"]
[White "Juhasz, Armin"]
[Black "Gonzalez Perez, Arian"]
[Result "1/2-1/2"]
[WhiteElo "2375"]
[BlackElo "2467"]
[PlyCount "136"]
[EventDate "2019.03.29"]
[EventType "tourn"]
[EventRounds "9"]
[EventCountry "ESP"]
[EventCategory "6"]
[SourceTitle "Ajedrez en Madrid"]
[Source "lmi"]
[SourceDate "2019.03.29"]
[SourceVersion "1"]
[SourceVersionDate "2019.01.20"]
[SourceQuality "2"]

1. d4 d5 2. c4 c6 3. cxd5 cxd5 4. Nc3 Nf6 5. Bf4 Nc6 6. e3 Bf5 7. Nf3 e6 8. Qb3
Bb4 9. Bb5 Qa5 10. O-O O-O 11. Bxc6 bxc6 12. Bc7 Qxc7 13. Qxb4 Rab8 14. Qa3 Nd7
15. Rac1 Rfc8 16. b3 c5 17. h3 Qb6 18. Rfd1 c4 19. bxc4 Rxc4 20. Nh4 Be4 21.
Nxe4 Rxc1 22. Nf6+ Nxf6 23. Rxc1 Ne4 24. Nf3 h6 25. Ne5 Qb2 26. Rc8+ Kh7 27.
Qxb2 Rxb2 28. Nxf7 Rxa2 29. Rh8+ Kg6 30. Ne5+ Kf6 31. Rf8+ Ke7 32. Rf7+ Ke8 33.
f3 Ra1+ 34. Kh2 Nd2 35. Rxg7 Nf1+ 36. Kg1 Nxe3+ 37. Kf2 Nf5 38. Rg8+ Ke7 39. g4
Ra2+ 40. Kf1 Nxd4 41. f4 a5 42. g5 hxg5 43. fxg5 Nf5 44. Ra8 a4 45. Ra6 a3 46.
Nc6+ Kd7 47. Nb4 Rb2 48. Nd3 Ne3+ 49. Ke1 Rg2 50. Rxa3 Nc2+ 51. Kf1 Ne3+ 52.
Ke1 Nc2+ 53. Kf1 Rxg5 54. Ra7+ Ke8 55. Nc5 Rf5+ 56. Kg2 e5 57. Ne6 Ne3+ 58. Kg3
Rf6 59. Ng5 d4 60. Ra8+ Kd7 61. Ra7+ Kc8 62. Ne4 Nf1+ 63. Kg2 Ne3+ 64. Kg3 Rf1
65. Ra5 Nf5+ 66. Kg2 Ne3+ 67. Kg3 Nf5+ 68. Kg2 Ne3+ 1/2-1/2

[Event "I Torneo Cerrado Breña Baja 2019"]
[Site "Breña Baja ESP"]
[Date "2019.03.30"]
[Round "3.2"]
[White "Muñoz, Miguel"]
[Black "Alvarado Diaz, Alejandro"]
[Result "1-0"]
[WhiteElo "2482"]
[BlackElo "2399"]
[PlyCount "83"]
[EventDate "2019.03.29"]
[EventType "tourn"]
[EventRounds "9"]
[EventCountry "ESP"]
[EventCategory "6"]
[SourceTitle "Ajedrez en Madrid"]
[Source "lmi"]
[SourceDate "2019.03.29"]
[SourceVersion "1"]
[SourceVersionDate "2019.01.20"]
[SourceQuality "2"]

1. e4 e6 2. d4 d5 3. Nd2 Be7 4. Bd3 c5 5. dxc5 Nf6 6. Qe2 O-O 7. Ngf3 a5 8. a4
Na6 9. Bxa6 Rxa6 10. O-O Bxc5 11. e5 Nd7 12. Nb3 Be7 13. Be3 Qc7 14. Bf4 Nb6
15. Nbd4 Bd7 16. b3 Raa8 17. Rad1 Nc8 18. Rd3 Qd8 19. Qd2 Na7 20. Nf5 Nc6 21.
Nxe7+ Qxe7 22. Bg5 f6 23. exf6 gxf6 24. Bh6 Rf7 25. Re1 Qb4 26. Qd1 Qg4 27. Ne5
Nxe5 28. Rg3 Qxg3 29. hxg3 Ng6 30. Qd4 Rc8 31. Qb6 Rxc2 32. Qxb7 Re7 33. Qa8+
Kf7 34. Qxa5 d4 35. Rc1 Ra2 36. Bd2 Ne5 37. Bb4 Re8 38. f4 Nd3 39. Rc7 Rd8 40.
Qh5+ Kg7 41. Qb5 Ra1+ 42. Kh2 1-0

[Event "I Torneo Cerrado Breña Baja 2019"]
[Site "Breña Baja ESP"]
[Date "2019.03.30"]
[Round "3.3"]
[White "Herrera Reyes, Jose Antonio"]
[Black "Napoli, Nicolo"]
[Result "0-1"]
[WhiteElo "2324"]
[BlackElo "2321"]
[PlyCount "118"]
[EventDate "2019.03.29"]
[EventType "tourn"]
[EventRounds "9"]
[EventCountry "ESP"]
[EventCategory "6"]
[SourceTitle "Ajedrez en Madrid"]
[Source "lmi"]
[SourceDate "2019.03.29"]
[SourceVersion "1"]
[SourceVersionDate "2019.01.20"]
[SourceQuality "2"]

1. Nf3 Nf6 2. g3 d5 3. Bg2 c6 4. d3 Bf5 5. O-O e6 6. c3 Be7 7. Qb3 Qb6 8. Be3
Qa6 9. a4 Nbd7 10. Qc2 O-O 11. b4 Ng4 12. Bd2 c5 13. b5 Qd6 14. e4 Bg6 15. exd5
c4 16. Ne1 Nge5 17. Qa2 exd5 18. d4 Ng4 19. h3 Ngf6 20. Bf4 Qb6 21. Nd2 Rfe8
22. a5 Qxb5 23. Nc2 Bf8 24. Ne3 Bd3 25. Rfc1 Rac8 26. g4 Ne4 27. Nf3 Qc6 28.
Qa4 Ndf6 29. Ne5 Qe6 30. Qd1 Bd6 31. f3 Nc5 32. Bh2 Nb3 33. g5 Nxc1 34. Rxc1
Nd7 35. f4 Nxe5 36. fxe5 Ba3 37. Ra1 Bb2 38. Nxd5 Bxa1 39. Qxa1 Qf5 40. Qe1
Qxg5 41. h4 Qg4 42. Bf4 Rc6 43. Qf2 Rg6 44. Bg5 h6 45. Ne3 Qd7 46. Bf4 Be4 47.
h5 Rxg2+ 48. Nxg2 Qg4 49. Bg3 Qxh5 50. Qe3 Qd1+ 51. Ne1 Bd5 52. Qf4 Re6 53. Qh4
Rg6 54. Kf1 Kh7 55. Qf4 b6 56. a6 b5 57. Kf2 b4 58. cxb4 c3 59. Qe3 Qd2+ 0-1

[Event "I Torneo Cerrado Breña Baja 2019"]
[Site "Breña Baja ESP"]
[Date "2019.03.30"]
[Round "3.4"]
[White "Lemos, Damian"]
[Black "Hernandez Leon, Alberto"]
[Result "1/2-1/2"]
[WhiteElo "2482"]
[BlackElo "2280"]
[PlyCount "73"]
[EventDate "2019.03.29"]
[EventType "tourn"]
[EventRounds "9"]
[EventCountry "ESP"]
[EventCategory "6"]
[SourceTitle "Ajedrez en Madrid"]
[Source "lmi"]
[SourceDate "2019.03.29"]
[SourceVersion "1"]
[SourceVersionDate "2019.01.20"]
[SourceQuality "2"]

1. Nf3 Nf6 2. d4 c5 3. e3 g6 4. c3 b6 5. dxc5 bxc5 6. e4 Qc7 7. Bd3 Nc6 8. O-O
Bg7 9. h3 d6 10. Re1 Nd7 11. Nbd2 O-O 12. Nc4 Nde5 13. Nfxe5 Nxe5 14. Nxe5 Bxe5
15. Bh6 Bg7 16. Bxg7 Kxg7 17. Bc4 Bb7 18. Qd2 Rad8 19. Rad1 e6 20. Qf4 Qc6 21.
Bf1 e5 22. Qh4 Ba6 23. Rd5 Bxf1 24. Rxf1 Qa4 25. a3 Qc2 26. b4 Rc8 27. Rxd6
Qxc3 28. Qf6+ Kg8 29. h4 h5 30. Rfd1 cxb4 31. Qg5 Rc6 32. R6d3 Qc4 33. Rd8 Rc8
34. R8d6 Rc6 35. Rd8 Rc8 36. R8d6 Rc6 37. Rd8 1/2-1/2

[Event "I Torneo Cerrado Breña Baja 2019"]
[Site "Breña Baja ESP"]
[Date "2019.03.30"]
[Round "3.5"]
[White "De Verdier, Michael"]
[Black "Ladron De Guevara Pinto, Paolo"]
[Result "1/2-1/2"]
[WhiteElo "2306"]
[BlackElo "2429"]
[PlyCount "63"]
[EventDate "2019.03.29"]
[EventType "tourn"]
[EventRounds "9"]
[EventCountry "ESP"]
[EventCategory "6"]
[SourceTitle "Ajedrez en Madrid"]
[Source "lmi"]
[SourceDate "2019.03.29"]
[SourceVersion "1"]
[SourceVersionDate "2019.01.20"]
[SourceQuality "2"]

1. Nf3 Nf6 2. c4 c6 3. b3 g6 4. Bb2 Bg7 5. e3 O-O 6. Be2 d5 7. O-O a5 8. Nc3
Ne4 9. Qc2 Bf5 10. d3 Nf6 11. Rfd1 Na6 12. a3 Qb8 13. cxd5 cxd5 14. Nb5 Rc8 15.
Qd2 b6 16. Be5 Qb7 17. Qb2 Rc5 18. Nbd4 Bd7 19. b4 axb4 20. axb4 Rcc8 21. Ne1
Ne8 22. Bxg7 Nxg7 23. Bf3 Nc7 24. b5 Nge8 25. e4 Rxa1 26. Rxa1 e5 27. Nc6 Bxc6
28. bxc6 Qxc6 29. Rc1 Qd6 30. exd5 b5 31. Rc6 Qe7 32. Nc2 1/2-1/2

[Event "I Torneo Cerrado Breña Baja 2019"]
[Site "Breña Baja ESP"]
[Date "2019.03.30"]
[Round "4.1"]
[White "Gonzalez Perez, Arian"]
[Black "Ladron De Guevara Pinto, Paolo"]
[Result "1-0"]
[WhiteElo "2467"]
[BlackElo "2429"]
[PlyCount "75"]
[EventDate "2019.03.29"]
[EventType "tourn"]
[EventRounds "9"]
[EventCountry "ESP"]
[EventCategory "6"]
[SourceTitle "Ajedrez en Madrid"]
[Source "lmi"]
[SourceDate "2019.03.29"]
[SourceVersion "1"]
[SourceVersionDate "2019.01.20"]
[SourceQuality "2"]

1. d4 d5 2. c4 e6 3. Nc3 Be7 4. cxd5 exd5 5. Bf4 c6 6. Qc2 g6 7. e3 Bf5 8. Qd2
Nf6 9. Nge2 h5 10. h3 h4 11. Nc1 Nbd7 12. Bd3 Bxd3 13. Nxd3 Ne4 14. Qc2 Nd6 15.
O-O O-O 16. b4 a5 17. b5 Nc4 18. bxc6 bxc6 19. Na4 Qc8 20. Rfc1 g5 21. Bh2 f5
22. Nab2 Nxb2 23. Qxb2 Qa6 24. Rc3 Rac8 25. Rac1 Nb6 26. Qe2 Na4 27. Qh5 c5 28.
Nxc5 Nxc5 29. dxc5 Qe6 30. Bd6 Rc6 31. Bxe7 Qxe7 32. a4 Kg7 33. Rb3 Rfc8 34.
Rb5 Qd8 35. Rb7+ R8c7 36. Rxc7+ Rxc7 37. Rb1 Qf6 38. Rb6 1-0

[Event "I Torneo Cerrado Breña Baja 2019"]
[Site "Breña Baja ESP"]
[Date "2019.03.30"]
[Round "4.2"]
[White "Hernandez Leon, Alberto"]
[Black "De Verdier, Michael"]
[Result "1/2-1/2"]
[WhiteElo "2280"]
[BlackElo "2306"]
[PlyCount "61"]
[EventDate "2019.03.29"]
[EventType "tourn"]
[EventRounds "9"]
[EventCountry "ESP"]
[EventCategory "6"]
[SourceTitle "Ajedrez en Madrid"]
[Source "lmi"]
[SourceDate "2019.03.29"]
[SourceVersion "1"]
[SourceVersionDate "2019.01.20"]
[SourceQuality "2"]

1. d4 Nf6 2. Nf3 e6 3. c4 Bb4+ 4. Bd2 Bxd2+ 5. Nbxd2 d6 6. g3 Qe7 7. Bg2 e5 8.
e4 O-O 9. d5 a5 10. O-O Na6 11. Ne1 Nc5 12. Qc2 g6 13. b3 Nh5 14. Nd3 Nxd3 15.
Qxd3 f5 16. a3 Nf6 17. b4 fxe4 18. Nxe4 Nxe4 19. Bxe4 Bf5 20. Qe3 Bxe4 21. Qxe4
Qf6 22. Rab1 axb4 23. axb4 Qf3 24. Qxf3 Rxf3 25. Ra1 Rfa3 26. Rxa3 Rxa3 27. f4
exf4 28. Rxf4 Rb3 29. b5 Rc3 30. g4 b6 31. Kg2 1/2-1/2

[Event "I Torneo Cerrado Breña Baja 2019"]
[Site "Breña Baja ESP"]
[Date "2019.03.30"]
[Round "4.3"]
[White "Napoli, Nicolo"]
[Black "Lemos, Damian"]
[Result "0-1"]
[WhiteElo "2321"]
[BlackElo "2482"]
[PlyCount "60"]
[EventDate "2019.03.29"]
[EventType "tourn"]
[EventRounds "9"]
[EventCountry "ESP"]
[EventCategory "6"]
[SourceTitle "Ajedrez en Madrid"]
[Source "lmi"]
[SourceDate "2019.03.29"]
[SourceVersion "1"]
[SourceVersionDate "2019.01.20"]
[SourceQuality "2"]

1. d4 d5 2. c4 c6 3. Nc3 Nf6 4. Nf3 e6 5. e3 Nbd7 6. Qc2 b6 7. Bd2 Bb7 8. Rc1
Bd6 9. e4 dxe4 10. Nxe4 Nxe4 11. Qxe4 Nf6 12. Qh4 c5 13. Be2 Ne4 14. Qg4 O-O
15. Bh6 Qf6 16. Be3 cxd4 17. Bxd4 Bb4+ 18. Kf1 Qh6 19. Be3 f5 20. Qf4 g5 21.
Nxg5 Bd6 22. Qf3 Ng3+ 23. fxg3 Bxf3 24. Bxf3 f4 25. gxf4 Bxf4 26. Bxf4 Rxf4 27.
h4 Rxh4 28. Rxh4 Qxh4 29. Rc3 Rf8 30. Nxe6 Rxf3+ 0-1

[Event "I Torneo Cerrado Breña Baja 2019"]
[Site "Breña Baja ESP"]
[Date "2019.03.31"]
[Round "5.1"]
[White "Muñoz, Miguel"]
[Black "Gonzalez Perez, Arian"]
[Result "1/2-1/2"]
[WhiteElo "2482"]
[BlackElo "2467"]
[PlyCount "62"]
[EventDate "2019.03.29"]
[EventType "tourn"]
[EventRounds "9"]
[EventCountry "ESP"]
[EventCategory "6"]
[SourceTitle "Ajedrez en Madrid"]
[Source "lmi"]
[SourceDate "2019.03.29"]
[SourceVersion "1"]
[SourceVersionDate "2019.01.20"]
[SourceQuality "2"]

1. e4 e5 2. Nf3 Nc6 3. Bb5 a6 4. Ba4 Nf6 5. Bxc6 dxc6 6. O-O Nd7 7. c3 Bd6 8.
d4 O-O 9. Nbd2 Qe7 10. Re1 f6 11. Nf1 Re8 12. Ng3 g6 13. Bh6 c5 14. Qb3+ Qf7
15. Qxf7+ Kxf7 16. Be3 cxd4 17. cxd4 exd4 18. Bxd4 Ne5 19. Nxe5+ Bxe5 20. Bxe5
Rxe5 21. Rac1 c6 22. Rcd1 Re8 23. f3 Be6 24. a3 Rad8 25. Kf2 Ke7 26. Ke3 Bb3
27. Rxd8 Rxd8 28. Rc1 Rd1 29. Rxd1 Bxd1 30. Kd4 Kd6 31. Nf1 Bb3 1/2-1/2

[Event "I Torneo Cerrado Breña Baja 2019"]
[Site "Breña Baja ESP"]
[Date "2019.03.31"]
[Round "5.3"]
[White "Lemos, Damian"]
[Black "Alvarado Diaz, Alejandro"]
[Result "1/2-1/2"]
[WhiteElo "2482"]
[BlackElo "2399"]
[PlyCount "47"]
[EventDate "2019.03.29"]
[EventType "tourn"]
[EventRounds "9"]
[EventCountry "ESP"]
[EventCategory "6"]
[SourceTitle "Ajedrez en Madrid"]
[Source "lmi"]
[SourceDate "2019.03.29"]
[SourceVersion "1"]
[SourceVersionDate "2019.01.20"]
[SourceQuality "2"]

1. d4 f5 2. Nf3 Nf6 3. g3 g6 4. Bg2 Bg7 5. O-O O-O 6. b3 b6 7. c4 Bb7 8. Nc3
Na6 9. Ba3 Ne4 10. Nxe4 Bxe4 11. Rc1 c5 12. e3 e6 13. Qe2 Qe7 14. Rfd1 d6 15.
Ne1 Bxg2 16. Nxg2 Rad8 17. Rd2 e5 18. dxe5 dxe5 19. Rcd1 Nc7 20. Bb2 Ne6 21.
Rd5 Nc7 22. R5d2 Ne6 23. Rd5 Nc7 24. R5d2 1/2-1/2